00860nam a2200193 a 4500003000200000005001700002008004100019050003100060100003400091245009900125260009200224300004500316504004300361650006100404650004400465650004500509650006200554650005000616020250331124131.0050809s19uu xx 00 eng d aPGS HE 5614.3b.Al366 2005 aAlejandro, Christine Erine A. aRoad safety consciousness of bus drivers of MAFEL corporation /cChristine Erine A. Alejandro. aLas Piñas City, Philippines : bSouthville International School and Colleges,c2005. a49 pages : billustrations ; c28 cm.  aIncludes bibliographical references.  aTraffic safetyvBus driversvAwareness and perception.  aBus driversvRoad safety consciousness. aDriving behaviorvImpact on road safety. aProfessional driversvTraffic regulations and compliance. aAccident preventionvPublic transport sector.